Sgt. Pepper's Album Cover - Map Quiz - Statistics

General Stats
  • This quiz has been taken 165 times
  • The average score is 16 of 65
Answers on the Map
Answers color-coded by a green-red scale on the quiz's map according to % correct below.
 
Answer Stats
Row Hint Person % Correct
Front Row Musician (wax) John Lennon
95%
Front Row Musician John Lennon
95%
Front Row Musician (wax) George Harrison
94%
Front Row Musician George Harrison
94%
Front Row Musician (wax) Ringo Starr
94%
Front Row Musician Ringo Starr
94%
Front Row Musician (wax) Paul McCartney
93%
Front Row Musician Paul McCartney
93%
Second Row Actress Marilyn Monroe
90%
Top Row Singer/Songwriter Bob Dylan
73%
Second Row Political Philosopher Karl Marx
73%
Top Row Writer Edgar Allan Poe
64%
Third Row Actor Marlon Brando
44%
Second Row Actor/Comedian Oliver Hardy
35%
Third Row Writer Oscar Wilde
35%
Second Row Actor/Comedian Stan Laurel
34%
Third Row Archaeologist/Soldier T. E. Lawrence
32%
Front Row Physicist Albert Einstein
27%
Front Row Actress Shirley Temple
23%
Front Row Actress Shirley Temple
23%
Top Row Occultist Aleister Crowley
21%
Top Row Actor/Dancer Fred Astaire
19%
Second Row Actor Tony Curtis
19%
Top Row Comedian W. C. Fields
18%
Front Row Actress Bette Davis
17%
Top Row Actress Mae West
16%
Front Row Actress Diana Dors
13%
Top Row Psychoanalyst Carl Jung
12%
Front Row Actress/Singer Marlene Dietrich
12%
Front Row Boxer (wax) Sonny Liston
12%
Third Row Swimmer/Actor Johnny Weissmuller
11%
Third Row Writer Lewis Carroll
11%
Second Row Poet Dylan Thomas
10%
Third Row Artist Stuart Sutcliffe
10%
Third Row Explorer/Missionary David Livingstone
9%
Third Row Playwright George Bernard Shaw
9%
Second Row Writer H. G. Wells
8%
Top Row Comedian/Actor Lenny Bruce
8%
Third Row Comedian Max Miller
8%
Third Row Actor Tom Mix
7%
Second Row Writer Aldous Huxley
6%
Second Row British Prime Minister Sir Robert Peel
6%
Second Row Writer James Joyce
5%
Second Row Writer William S. Burroughs
5%
Second Row Illustrator Aubrey Beardsley
4%
Top Row Actor Huntz Hall
4%
Top Row Composer Karlheinz Stockhausen
4%
Top Row Hindu Guru Sri Yukteswar Giri
4%
Third Row Writer Stephen Crane
4%
Third Row Footballer Albert Stubbins
3%
Second Row Singer/Songwriter Dion DiMucci
3%
Third Row Sculptor H. C. Westermann
3%
Third Row Comedian Issy Bonn
3%
Third Row Artist Larry Bell
3%
Second Row Artist Richard Lindner
3%
Top Row Artist Richard Merkin
3%
Top Row Designer Simon Rodia
3%
Third Row Guru Sri Lahiri Mahasaya
3%
Second Row Hindu Guru Sri Mahavatar Babaji
3%
Second Row Hindu Guru Sri Paramahansa Yogananda
3%
Second Row Writer Terry Southern
3%
Second Row Comedian Tommy Handley
3%
Second Row Artist Wallace Berman
3%
Third Row Actor Tyrone Power
2%
Front Row Singer Bobby Green
1%
No matching quizzes found
Score Distribution
Percent of People with Each Score
Percentile by Number Answered
Your Score History
You have not taken this quiz